Ορθοδοξία, σκοταδισμός και ρατσισμός : γλώσσα, παιδεία, παράδοση, μουσική, κοινωνία

Αποθηκεύτηκε σε:
Λεπτομέρειες βιβλιογραφικής εγγραφής
Κύριος συγγραφέας: Χατζηφώτης, Ιωάννης Μ. 1944-
Μορφή: Βιβλίο
Γλώσσα:Greek
Δημοσίευση: Αθήνα : Ελληνικά Γράμματα, 1997.
Σειρά:Θρησκειολογία ; v.13
Θέματα:
Ετικέτες: Προσθήκη ετικέτας
Δεν υπάρχουν, Καταχωρήστε ετικέτα πρώτοι!

MARC

LEADER 00000cam a2200000 i 4500
001 1/86476
008 080526s1997 gr | ||| |||| ||gre||
020 |a 9603443204 
035 |l 10097664 
040 |a GR-MY-UA  |b gre  |e aacr 
041 0 |a gre 
082 7 |a 270.089   |2 (22) 
100 1 |a Χατζηφώτης, Ιωάννης Μ.  |d 1944- 
245 1 0 |a Ορθοδοξία, σκοταδισμός και ρατσισμός :   |b γλώσσα, παιδεία, παράδοση, μουσική, κοινωνία /   |c Ι.Μ. Χατζηφώτη.  
260 |a Αθήνα :   |b Ελληνικά Γράμματα,   |c 1997.  
300 |a 149 σ. :   |b εικ. ;   |c 21 εκ.  
490 1 |a (Θρησκειολογία ;   |v  vol.13) 
650 0 0 |a Race relations  |x Religious aspects  |x Christianity. 
650 0 0 |a Racism  |x Religious aspects  |x Christianity. 
830 0 |a Θρησκειολογία ;  |v  v.13 
852 |a INST  |b LESVOS  |e 20080526  |h 270.089 ΧΑΤ  |p 005100041543  |q 005100041543  |t BK  |y 0 
901 |a BIBL1-2008-2 
909 |a Λ  |b 142190 
922 |a 1ΕΛΗ  |b 200711  |c ΕΠΕΑΕΚ2/ΤΚ  |d Σ. ΠΑΤΑΚΗΣ 
970 |a ΚΑΡΑ  |b ΓΙΑΣΕΜΗ  |z 2008/05/26